| 000 | 01261nam0a22002651 4500 | ||
|---|---|---|---|
| 001 | rc\3455261 | ||
| 005 | 20260407094156.0 | ||
| 021 |
_aRU _b[70-3662] |
||
| 035 | _a(NLR Aleph) 007893465 | ||
| 090 |
_a7992741 _c7992741 |
||
| 100 | _a20130115d1969 |||y0rusy50 ca | ||
| 101 | 0 | _arus | |
| 102 | _aRU | ||
| 105 | _ay z ||||| | ||
| 200 | 1 |
_aОсновные положения по борьбе с ветровой эрозией почв в Северном Казахстане и Западной Сибири _fМ-во сел. хоз-ва СССР. Гл. упр. зерновых культур и по общим вопросам земледелия. Всесоюз. науч.-исслед. ин-т зернового хоз-ва |
|
| 210 |
_aМосква _cКолос _d1969 |
||
| 215 |
_a10 с. _d21 |
||
| 606 |
_aЭрозия почв, ветровая _yСеверный Казахстан _2psbo |
||
| 606 |
_aЭрозия почв, ветровая _yЗападная Сибирь _2psbo |
||
| 712 | 0 | 2 |
_aВНИИ зернового хозяйства _cст. Шортанды, Целиногр. обл. _9332587 _3RU\NLR\AUTH\889918232 |
| 801 | 0 |
_aRU _bNLR _gpsbo |
|
| 801 | 1 |
_aRU _bELAR _2rusmarc |
|
| 852 |
_aNLR _j69-6/14213 |
||
| 942 | _cBOOK | ||
| 980 | _aNB | ||